000 00722nam a2200181Ia 4500
008 090123s9999 xx 000 0 und d
082 _b34246
100 _aनगर्सेकर अमिता
245 _aसोन्याचे पाणी प्या आणि बरे व्हा !
250 _a1
260 _bमनोरमा प्रकाशन
300 _a43
600 _aनगर्सेकर अमिता
630 _aसोन्याचे पाणी प्या आणि बरे व्हा !
700 _aनगर्सेकर अमिता
730 _aसोन्याचे पाणी प्या आणि बरे व्हा !
942 _cBOOK
999 _c72285
_d72285